000 00574cas a2200229 4500
001 L421
008 090401t2002 xxu||||| |||| 00| 0 eng d
022 1 _a1362-038X
035 _a(Sirsi) u99039
041 0 _aeng
245 0 0 _aBuilding Homes
260 3 _aLondon
_bBuilder Group
_c1996-2002
350 _a0
362 1 _a(1) March 1996-July 2002
554 _aMonthly
651 4 _aUnited Kingdom
_y
690 _aPROPERTY-RESIDENTIAL PROPERTY-RESIDENTIAL PROPERTY DEVELOPMENT
780 0 0 _tBuilding
785 0 0 _tBuilding
942 _n0
948 _c16/02/1996
999 _c118627
_d118627